[Event "Werfen op-A"]
[Site "Werfen"]
[Date "1994.??.??"]
[Round "?"]
[White "Dausch, Rene"]
[Black "Badian, Gustav"]
[Result "1-0"]
[WhiteElo "2300"]
[BlackElo "2035"]
[PlyCount "91"]
[EventDate "1994.08.??"]
[EventType "swiss"]
[EventRounds "9"]
[EventCountry "AUT"]
[SourceTitle "EXT 1998"]
[Source "ChessBase"]
[SourceDate "1997.11.17"]
[SourceVersion "1"]
[SourceVersionDate "1997.11.17"]
[SourceQuality "1"]

1. b3 d5 2. Bb2 e6 3. e3 Nf6 4. f4 c5 5. Nf3 Bd6 6. Bd3 Nc6 7. 0-0 Qc7 8. Bb5 Bd7 9. Nc3 a6 10. Bxc6 Bxc6 11. Ne2 0-0-0 12. Ne5 Rhg8 13. a4 Be8 14. g3 Nd7 15. Nxd7 Bxd7 16. d4 f6 17. Qd2 Bc6 18. Ba3 Qe7 19. dxc5 Bxc5 20. Bxc5 Qxc5 21. Nd4 Qd6 22. b4 e5 23. fxe5 fxe5 24. Nf5 Qe6 25. b5 axb5 26. axb5 Bxb5 27. Nxg7 Rxg7 28. Ra8+ Kc7 29. Qa5+ Kc6 30. Qxd8 Bxf1 31. Rc8+ Kb5 32. Kxf1 Rd7 33. Qe8 Qxe8 34. Rxe8 e4 35. Rc8 Kb6 36. Kg2 Rc7 37. Rxc7 Kxc7 38. g4 Kd6 39. h4 Ke5 40. c3 h6 41. Kf2 Kf6 42. Ke2 b5 43. Kd2 Ke5 44. Kc2 b4 45. cxb4 d4 46. Kd2 1-0

[Event "Budapest FS11 IM-B"]
[Site "Budapest"]
[Date "1993.??.??"]
[Round "4"]
[White "Badian, Gustav"]
[Black "Kahn, Evarth"]
[Result "0-1"]
[WhiteElo "2180"]
[BlackElo "2390"]
[PlyCount "46"]
[EventDate "1993.11.??"]
[EventType "tourn"]
[EventRounds "11"]
[EventCountry "HUN"]
[EventCategory "3"]
[SourceTitle "EXT 1997"]
[Source "ChessBase"]
[SourceDate "1996.11.15"]
[SourceVersion "1"]
[SourceVersionDate "1996.11.15"]
[SourceQuality "1"]

1. d4 Nf6 2. c4 g6 3. Nc3 Bg7 4. e4 0-0 5. f3 d6 6. Be3 Nc6 7. Nge2 a6 8. a4 Rb8 9. Nc1 e5 10. d5 Nd4 11. Bxd4 exd4 12. N3e2 c5 13. Nd3 b5 14. b3 bxc4 15. bxc4 Bh6 16. g3 Be3 17. Nef4 Nxe4 18. Be2 Nc3 19. Qc2 Bf5 20. h4 Bxf4 21. gxf4 Re8 22. Rh2 Bxd3 23. Qxd3 Rb2 0-1

[Event "Budapest FS11 IM-B"]
[Site "Budapest"]
[Date "1993.??.??"]
[Round "10"]
[White "Badian, Gustav"]
[Black "Pavasovic, Dusko"]
[Result "0-1"]
[WhiteElo "2180"]
[BlackElo "2295"]
[PlyCount "74"]
[EventDate "1993.11.??"]
[EventType "tourn"]
[EventRounds "11"]
[EventCountry "HUN"]
[EventCategory "3"]
[SourceTitle "EXT 1997"]
[Source "ChessBase"]
[SourceDate "1996.11.15"]
[SourceVersion "1"]
[SourceVersionDate "1996.11.15"]
[SourceQuality "1"]

1. d4 f5 2. Nf3 Nf6 3. c4 e6 4. a3 Be7 5. Nc3 d6 6. h4 b6 7. g3 Bb7 8. Bg2 h6 9. Qc2 Qd7 10. Bd2 Ne4 11. Bf4 Nxc3 12. Qxc3 Be4 13. Rd1 0-0 14. h5 Qe8 15. Kf1 Nd7 16. Nd2 Bxg2+ 17. Kxg2 Bf6 18. Nf3 e5 19. dxe5 dxe5 20. Rxd7 Qxd7 21. Bxe5 Qc6 22. Bxf6 Qxf6 23. Qxf6 Rxf6 24. e3 Rd8 25. Rh4 c5 26. Rf4 Re8 27. Nh4 Re4 28. Kf3 Rd6 29. Rxf5 Rxc4 30. Ng6 Rf6 31. Rxf6 gxf6 32. Ne7+ Kg7 33. Nc8 Rc2 34. Nxa7 Rxb2 35. a4 Ra2 36. Nc8 c4 37. Ke4 Rd2 0-1

[Event "Budapest FS11 IM-B"]
[Site "Budapest"]
[Date "1993.??.??"]
[Round "1"]
[White "Blasovszky, Istvan"]
[Black "Badian, Gustav"]
[Result "1-0"]
[WhiteElo "2230"]
[BlackElo "2180"]
[PlyCount "81"]
[EventDate "1993.11.??"]
[EventType "tourn"]
[EventRounds "11"]
[EventCountry "HUN"]
[EventCategory "3"]
[SourceTitle "EXT 1997"]
[Source "ChessBase"]
[SourceDate "1996.11.15"]
[SourceVersion "1"]
[SourceVersionDate "1996.11.15"]
[SourceQuality "1"]

1. d4 Nf6 2. c4 g6 3. Nc3 Bg7 4. e4 d6 5. h3 0-0 6. Be3 e5 7. Nf3 Nc6 8. d5 Ne7 9. g4 h5 10. gxh5 Nxh5 11. Qd2 f5 12. Bg5 f4 13. 0-0-0 a6 14. Be2 Nf6 15. Rdg1 Kf7 16. Bxf6 Bxf6 17. h4 Rh8 18. Ng5+ Bxg5 19. Rxg5 Kf6 20. Rgg1 Rh6 21. Qd1 Bd7 22. Qf1 Qh8 23. Qg2 Rg8 24. Bg4 Bxg4 25. Qxg4 Kf7 26. c5 Qf6 27. Qd7 Rc8 28. cxd6 Qxd6 29. Qg4 Rch8 30. Rh3 Rh5 31. Rgh1 c6 32. Rd1 cxd5 33. Nxd5 Rc8+ 34. Kb1 Qe6 35. Qf3 Rch8 36. Nxe7 Qxe7 37. Qb3+ Kg7 38. Rhd3 Kh6 39. Rd7 Qxh4 40. Qf7 Rf5 41. Qg7+ 1-0

[Event "Budapest FS11 IM-B"]
[Site "Budapest"]
[Date "1993.??.??"]
[Round "7"]
[White "Kubacsny, Laszlo"]
[Black "Badian, Gustav"]
[Result "1-0"]
[WhiteElo "2320"]
[BlackElo "2180"]
[PlyCount "55"]
[EventDate "1993.11.??"]
[EventType "tourn"]
[EventRounds "11"]
[EventCountry "HUN"]
[EventCategory "3"]
[SourceTitle "EXT 1997"]
[Source "ChessBase"]
[SourceDate "1996.11.15"]
[SourceVersion "1"]
[SourceVersionDate "1996.11.15"]
[SourceQuality "1"]

1. e4 g6 2. d4 Bg7 3. Nc3 d6 4. f4 e6 5. Nf3 Bd7 6. Be3 Ne7 7. Qd2 a6 8. g4 h5 9. gxh5 Rxh5 10. Be2 Rh8 11. 0-0-0 d5 12. f5 exf5 13. exd5 b5 14. a3 c6 15. dxc6 Nbxc6 16. d5 Na5 17. Rhe1 Kf8 18. Kb1 Rc8 19. Bd4 f6 20. Qe3 Bh6 21. Qf2 Kf7 22. Bb6 Qg8 23. Bxa5 Bf4 24. Bb4 g5 25. Bxe7 Kxe7 26. Bxb5+ Kd8 27. Qb6+ Bc7 28. Qxf6# 1-0